[Event "Wasselonne op"]
[Site "Wasselonne"]
[Date "2009.08.07"]
[Round "3"]
[White "Martin, Alexandre"]
[Black "Simon, Gerard"]
[Result "1-0"]
[WhiteElo "1845"]
[BlackElo "1650"]
[PlyCount "83"]
[EventDate "2009.08.06"]
[EventType "swiss"]
[EventRounds "7"]
[EventCountry "FRA"]
[SourceTitle "EXT 2011"]
[Source "ChessBase"]
[SourceDate "2010.11.26"]
[SourceVersion "1"]
[SourceVersionDate "2010.11.26"]
[SourceQuality "1"]

1. e4 d6 2. d4 Nf6 3. Bd3 g6 4. Bg5 Bg7 5. Ne2 Nc6 6. c3 Bd7 7. Nd2 h6 8. Bf4 e5 9. d5 exf4 10. dxc6 Bxc6 11. Nxf4 0-0 12. 0-0 Re8 13. Re1 Qd7 14. f3 a6 15. Bc4 b5 16. Bb3 Kh7 17. Qc2 Re5 18. Rad1 Nh5 19. Nd3 Re7 20. Nf1 Qe8 21. Qf2 Nf6 22. Nb4 Bb7 23. Ne3 Rc8 24. Ned5 Re5 25. Nxf6+ Bxf6 26. f4 Rxe4 27. Rxe4 Bxe4 28. Re1 a5 29. Bc2 axb4 30. Rxe4 Qc6 31. Rxb4 Qd5 32. f5 g5 33. Bb3 Qb7 34. Bxf7 c5 35. Bg6+ Kg7 36. Rg4 Qd5 37. Qe2 Qe5 38. Re4 Qd5 39. Re7+ Kf8 40. Rf7+ Qxf7 41. Bxf7 Kxf7 42. Qe6+ 1-0

[Event "FRA-ch op-B"]
[Site "Pau"]
[Date "2008.08.16"]
[Round "5"]
[White "Anton, Gregory"]
[Black "Martin, Alexandre"]
[Result "1/2-1/2"]
[WhiteElo "1907"]
[BlackElo "1813"]
[PlyCount "29"]
[EventDate "2008.08.11"]
[EventType "swiss"]
[EventRounds "11"]
[EventCountry "FRA"]
[SourceTitle "CBM 126 Extra"]
[Source "ChessBase"]
[SourceDate "2008.11.05"]
[SourceVersion "1"]
[SourceVersionDate "2008.11.05"]
[SourceQuality "1"]

1. Nf3 e6 2. b3 c5 3. Bb2 Nf6 4. e3 Nc6 5. Bb5 a6 6. Bxc6 bxc6 7. d3 d6 8. 0-0 e5 9. Nbd2 Bg4 10. h3 Be6 11. Ng5 Qd7 12. Nxe6 Qxe6 13. Qe2 d5 14. e4 Bd6 15. Rae1 1/2-1/2